Top 100 filmes brasileiros - Statistics

Estatísticas Gerais
  • Esse quiz foi jogado 212 vezes
  • A pontuação média é 12 de 100
Estatísticas das Respostas
# Ano Diretor Resposta % Correto
1 2002 Fernando Meirelles Cidade de Deus
87%
28 2007 José Padilha Tropa de Elite
82%
2 1998 Walter Salles Central do Brasil
73%
7 2000 Guel Arraes O Auto da Compadecida
71%
38 2010 José Padilha Tropa de Elite 2: O Inimigo Agora é Outro
53%
9 2003 Héctor Babenco Carandiru
51%
6 2015 Anna Muylaert Que Horas Ela Volta?
43%
37 2019 Kleber Mendonça FilhoJuliano Dornelles Bacurau
39%
19 2007 Marcos Jorge Estômago
37%
25 2016 Kleber Mendonça Filho Aquarius
26%
31 2000 Laís Bodanzky Bicho de Sete Cabeças
26%
76 1964 Glauber Rocha Deus e o Diabo na Terra do Sol
25%
34 2003 Jorge Furtado O Homem Que Copiava
25%
5 1980 Héctor Babenco Pixote: A Lei do Mais Fraco
25%
4 1962 Anselmo Duarte O Pagador de Promessas
24%
23 2003 Guel Arraes Lisbela e o Prisioneiro
23%
26 2007 Jorge Furtado Saneamento Básico, o Filme
23%
82 2007 Monique Gardenberg Ó Paí, Ó
21%
85 2012 Kleber Mendonça Filho O Som ao Redor
18%
36 1967 Glauber Rocha Terra em Transe
18%
87 1963 Nelson Pereira dos Santos Vidas Secas
18%
24 1955 Nelson Pereira dos Santos Rio, 40 Graus
16%
46 2017 Daniel Rezende Bingo: O Rei das Manhãs
15%
97 2019 Wagner Moura Marighella
15%
94 1985 Suzana Amaral A Hora da Estrela
14%
8 1981 Leon Hirszman Eles Não Usam Black-Tie
14%
57 2013 Fernando Coimbra O Lobo Atrás da Porta
14%
29 1995 Daniela ThomasWalter Salles Terra Estrangeira
14%
33 2014 Daniel Ribeiro Hoje Eu Quero Voltar Sozinho
13%
12 1965 Luiz Sérgio Person São Paulo, Sociedade Anônima
13%
10 2019 Karim Aïnouz A Vida Invisível
12%
3 1957 Nelson Pereira dos Santos Rio, Zona Norte
12%
74 1931 Mário Peixoto Limite
11%
45 2013 Marcos Bernstein Meu Pé de Laranja Lima
11%
32 1968 Rogério Sganzerla O Bandido da Luz Vermelha
11%
11 1964 Ruy Guerra Os Fuzis
11%
40 2001 Walter Salles Abril Despedaçado
10%
48 2022 Gabriel Martins Marte Um
9%
56 1969 Glauber Rocha O Dragão da Maldade contra o Santo Guerreiro
9%
64 2007 Carlos Reichenbach Falsa Loura
8%
68 2002 Karim Aïnouz Madame Satã
8%
81 1969 Júlio Bressane Matou a Família e Foi ao Cinema
8%
86 2006 Karim Aïnouz O Céu de Suely
8%
30 2013 Alê Abreu O Menino e o Mundo
8%
39 1965 Leon Hirszman A Falecida
6%
49 1980 Glauber Rocha A Idade da Terra
6%
15 2001 Luiz Fernando Carvalho Lavoura Arcaica
6%
44 2010 André Klotzel Reflexões de um Liquidificador
6%
65 2013 Hilton Lacerda Tatuagem
6%
77 2009 Marcelo GomesKarim Aïnouz Viajo Porque Preciso, Volto Porque Te Amo
6%
13 1993 Carlos Reichenbach Alma Corsária
5%
60 1969 Rogério Sganzerla A Mulher de Todos
5%
61 1971 Andrea Tonacci Bang Bang
5%
88 2018 Gustavo Pizzi Benzinho
5%
91 1986 Arnaldo Jabor Eu Sei que Vou te Amar
5%
90 1984 Nelson Pereira dos Santos Memórias do Cárcere
5%
92 2002 Anna Muylaert Durval Discos
4%
17 1986 Carlos Reichenbach Filme Demência
4%
58 1959 Marcel Camus Orfeu Negro
4%
35 1970 Rogério Sganzerla Sem Essa, Aranha
4%
78 2021 Daniel Rezende Turma da Mônica: Lições
4%
53 1967 Ozualdo Ribeiro Candeias A Margem
3%
51 1970 Rogério Sganzerla Copacabana Mon Amour
3%
50 1964 Walter Hugo Khouri Noite Vazia
3%
43 1974 Nelson Pereira dos Santos O Amuleto de Ogum
3%
42 1962 Roberto Farias O Assalto ao Trem Pagador
3%
20 1967 Luiz Sérgio Person O Caso dos Irmãos Naves
3%
62 2023 André Novais Oliveira O Dia Que Te Conheci
3%
16 1967 Carlos Hugo Christensen O Menino e o Vento
3%
71 1966 Joaquim Pedro de Andrade O Padre e a Moça
3%
59 2003 Rogério Sganzerla O Signo do Caos
3%
18 1972 Leon Hirszman S. Bernardo
3%
47 2008 Cícero Filho Ai que Vida!
2%
27 1980 Jean Garrett A Mulher Que Inventou o Amor
2%
14 1969 Antunes Filho Compasso de Espera
2%
84 2017 Breno Silveira Entre Irmãs
2%
99 1977 Jean Garrett Excitação
2%
22 1968 Neville D’Almeida Jardim de Guerra
2%
100 1971 Júlio Bressane Memórias de um Estrangulador de Loiras
2%
72 2018 Murilo Benício O Beijo no Asfalto
2%
95 1981 Bruno Barreto O Beijo no Asfalto
2%
41 1980 João Batista de Andrade O Homem Que Virou Suco
2%
80 1963 Paulo César Saraceni Porto das Caixas
2%
67 1966 Domingos de Oliveira Todas as Mulheres do Mundo
2%
21 2007 Mauricio de Sousa Turma da Mônica em Uma Aventura no Tempo
2%
98 1970 Ozualdo Ribeiro Candeias A Herança
1%
66 2014 Camilo Cavalcante A História da Eternidade
1%
69 2017 João DumansAffonso Uchôa Arábia
1%
52 1974 Antonio Carlos da Fontoura A Rainha Diaba
1%
96 2020 Déo Cardoso Cabeça de Nêgo
1%
55 2015 Roberto Berliner Nise: O Coração da Loucura
1%
73 2023 Eduardo Albergaria Nosso Sonho
1%
54 2019 Geraldo Sarno Sertânia
1%
70 1962 Roberto Pires Tocaia no Asfalto
1%
83 2019 Grace PassôRicardo Alves Jr. Vaga Carne
1%
89 1971 Paulo César Saraceni A Casa Assassinada
0%
79 2017 Ary RosaGlenda Nicácio Café com Canela
0%
75 2016 Eliane Caffé Era o Hotel Cambridge
0%
63 1981 Carlos Reichenbach O Império do Desejo
0%
93 1971 Alberto Salvá Um Homem sem Importância
0%
Nenhum quiz correspondente encontrado
Distribuição das Pontuações
Porcentagem de Pessoas com Cada Pontuação
Percentil de Números Respondidos
Sua Pontuação Histórica
Você não jogou esse quiz